000 00612nam a2200181Ia 4500
008 100921s9999 xx 000 0 und d
082 _b2448
_a891.463 थ 71
100 _aनंदा गुलशन अनु रांगणेकर कुमुदिनी.
245 _aकामिनी.
260 _bमनोरंजन प्रकाशन,मंुबई.
_c1971
300 _a189
_b---
365 _b5
520 _aललित-कादंबरी.
630 _aकामिनी.
650 _aललित-कादंबरी.
730 _aकामिनी.
942 _cBOOK
999 _c751561
_d751558